00397pab a2200133 454500008004000000100002100040245006900061260000900130300001200139362000900151650003900160700001900199773004500218180718b1984 xxu||||| |||| 00| 0 eng d aBlejer, Mario I. aGovernment policy and private investment in developing countries c1984 a379-403 aJune aInvestments - Underdeveloped Areas aMohsin S. Khan aInternational Monetary Fund Staff Papers